| 000 | 00773cam a2200277 4500 | ||
|---|---|---|---|
| 008 | 040318n2004 000 0 eng u | ||
| 020 | _a1856045129 | ||
| 035 | _a(Sirsi) u125474 | ||
| 041 | _aeng | ||
| 050 |
_a346.410482 _c18 |
||
| 100 | _aPadfield, Timothy | ||
| 245 | _aCopyright for archivists and users of archives | ||
| 250 | _a2nd ed. | ||
| 260 |
_aLondon _bFacet Publishing _c2004 |
||
| 300 |
_av, 270p. _c24cm. |
||
| 350 | _a24.95 | ||
| 650 | _aCOPYRIGHT | ||
| 650 | _aCOPYRIGHT INFRINGEMENT | ||
| 650 | _aCOPYRIGHT LICENCES | ||
| 650 | _aCOPYRIGHT LAW | ||
| 650 | _aINTELLECTUAL PROPERTY RIGHTS | ||
| 650 | _aARCHIVES | ||
| 650 | _aFREEDOM OF INFORMATION ACT | ||
| 690 | _aMANAGEMENT-BUSINESS MANAGEMENT-INFORMATION MANAGEMENT | ||
| 942 | _n0 | ||
| 999 |
_c103401 _d103401 |
||